[Event "GER-chT U16"]
[Site "Darmstadt"]
[Date "2022.12.29"]
[Round "5"]
[White "Liestmann, Marius"]
[Black "Pomrehn, Ole Magnus"]
[Result "0-1"]
[WhiteElo "1292"]
[BlackElo "1525"]
[PlyCount "142"]
[EventDate "2022.12.26"]
[EventType "team-swiss"]
[EventRounds "7"]
[EventCountry "GER"]
[SourceTitle "CBM 212 Extra"]
[Source "ChessBase"]
[SourceDate "2023.03.31"]
[SourceVersion "1"]
[SourceVersionDate "2023.03.31"]
[SourceQuality "1"]
[WhiteTeam "Guettingen Rochade"]
[BlackTeam "Neuberg"]
[WhiteTeamCountry "GER"]
[BlackTeamCountry "GER"]

1. e4 c6 2. Bd3 d5 3. c3 dxe4 4. Bxe4 Nf6 5. Bc2 Bg4 6. f3 Bh5 7. d4 e6 8. Ne2 Bg6 9. 0-0 Bd6 10. Nd2 Qc7 11. g3 Nbd7 12. Ne4 0-0 13. a4 a5 14. b3 Rfe8 15. Nxd6 Qxd6 16. Bf4 Qe7 17. Re1 Nb6 18. c4 Qd7 19. Be3 Nc8 20. Nc3 Ne7 21. Be4 Nf5 22. Ra2 Nxe3 23. Rxe3 Bxe4 24. fxe4 Red8 25. Rd3 Qc7 26. Rad2 Rd7 27. d5 exd5 28. exd5 cxd5 29. Nxd5 Nxd5 30. Rxd5 Rxd5 31. Rxd5 Re8 32. Rd7 Qc5+ 33. Qd4 Qxd4+ 34. Rxd4 b6 35. Rd5 Rc8 36. Rb5 Rc6 37. c5 Rxc5 38. Rxb6 Kf8 39. Rb7 Ke8 40. h4 Rd5 41. Kf2 Rd7 42. Rb5 Ra7 43. Ke3 Ke7 44. Kd4 Kd6 45. Rb6+ Kc7 46. Kc5 f5 47. h5 Ra8 48. Kb5 Kd8 49. Ra6 Rb8+ 50. Kc4 Rb4+ 51. Kc3 Rg4 52. Rxa5 Rxg3+ 53. Kc4 Rg4+ 54. Kd5 Rb4 55. Rb5 Rxb5+ 56. axb5 g6 57. h6 Kc7 58. Ke5 Kb6 59. Kf6 f4 60. Kg7 f3 61. Kxh7 f2 62. Kxg6 f1Q 63. h7 Qd3+ 64. Kg7 Qd4+ 65. Kg8 Qd8+ 66. Kg7 Qe7+ 67. Kg8 Qg5+ 68. Kf7 Qh6 69. Kg8 Qg6+ 70. Kh8 Qf7 71. b4 Qf8# 0-1

[Event "GER-chT U16"]
[Site "Darmstadt"]
[Date "2022.12.27"]
[Round "1"]
[White "Paringer, Jakob"]
[Black "Pomrehn, Ole Magnus"]
[Result "1/2-1/2"]
[WhiteElo "1298"]
[BlackElo "1525"]
[PlyCount "47"]
[EventDate "2022.12.26"]
[EventType "team-swiss"]
[EventRounds "7"]
[EventCountry "GER"]
[SourceTitle "CBM 212 Extra"]
[Source "ChessBase"]
[SourceDate "2023.03.31"]
[SourceVersion "1"]
[SourceVersionDate "2023.03.31"]
[SourceQuality "1"]
[WhiteTeam "Ergolding"]
[BlackTeam "Neuberg"]
[WhiteTeamCountry "GER"]
[BlackTeamCountry "GER"]

1. e4 c6 2. Nc3 d5 3. exd5 cxd5 4. Nf3 Nf6 5. d4 Bg4 6. h3 Bxf3 7. Qxf3 Nc6 8. Bb5 e6 9. Bf4 Bd6 10. 0-0 Rc8 11. Ne2 0-0 12. Rfe1 Bxf4 13. Qxf4 Qb6 14. Bxc6 Rxc6 15. Qc1 Rfc8 16. c3 a6 17. Rb1 Qa5 18. a3 b5 19. Nf4 Qb6 20. Qe3 a5 21. Nd3 Nd7 22. Rec1 Qc7 23. Qd2 Qb6 24. Qe3 1/2-1/2

[Event "GER-chT U14"]
[Site "Magdeburg"]
[Date "2018.12.29"]
[Round "5.1"]
[White "Pomrehn, Ole Magnus"]
[Black "Schroeter, Christopher"]
[Result "1/2-1/2"]
[WhiteElo "1503"]
[BlackElo "1453"]
[PlyCount "81"]
[EventDate "2018.12.27"]
[EventType "team-swiss"]
[EventRounds "7"]
[EventCountry "GER"]
[SourceTitle "CBM 188 Extra"]
[Source "ChessBase"]
[SourceDate "2019.02.28"]
[SourceVersion "1"]
[SourceVersionDate "2019.02.28"]
[SourceQuality "1"]
[WhiteTeam "Schoeneck"]
[BlackTeam "Anhalt"]
[WhiteTeamCountry "GER"]
[BlackTeamCountry "GER"]

1. g3 d5 2. Bg2 Nf6 3. c4 e6 4. cxd5 exd5 5. Nc3 c6 6. Nf3 Bd6 7. d3 Nbd7 8. a3 a5 9. 0-0 0-0 10. Rb1 Qe7 11. Re1 Re8 12. Qc2 Qf8 13. Bd2 b5 14. Nd4 Bb7 15. e3 Rec8 16. Qd1 Ra7 17. Nf3 Re8 18. Ra1 Nc5 19. Bf1 a4 20. d4 Nce4 21. Nxe4 Nxe4 22. Bc3 Nxc3 23. bxc3 Bxa3 24. Qc2 Be7 25. Ne5 Bd6 26. Nd3 Qe7 27. Bg2 Bc8 28. Qd2 Bf5 29. Nb4 Bxb4 30. cxb4 Qd7 31. Qc3 Qd6 32. Rec1 Rc7 33. Ra3 Rec8 34. Qd2 h6 35. Rc5 Be6 36. Rac3 Kf8 37. Qc1 Ke7 38. Bf1 Kd7 39. Qc2 g6 40. Qc1 Bf5 41. Bg2 1/2-1/2

[Event "GER-chT U14"]
[Site "Magdeburg"]
[Date "2018.12.29"]
[Round "6.2"]
[White "Yin, Haode"]
[Black "Pomrehn, Ole Magnus"]
[Result "1/2-1/2"]
[WhiteElo "1696"]
[BlackElo "1503"]
[PlyCount "55"]
[EventDate "2018.12.27"]
[EventType "team-swiss"]
[EventRounds "7"]
[EventCountry "GER"]
[SourceTitle "CBM 188 Extra"]
[Source "ChessBase"]
[SourceDate "2019.02.28"]
[SourceVersion "1"]
[SourceVersionDate "2019.02.28"]
[SourceQuality "1"]
[WhiteTeam "Paderborn"]
[BlackTeam "Schoeneck"]
[WhiteTeamCountry "GER"]
[BlackTeamCountry "GER"]

1. d4 d5 2. Nf3 Nf6 3. g3 c6 4. Bg2 Bf5 5. 0-0 e6 6. c4 Nbd7 7. Nbd2 h6 8. Re1 Be7 9. b3 0-0 10. Bb2 Re8 11. Nh4 Bh7 12. cxd5 exd5 13. Kh1 Ng4 14. Rf1 Bxh4 15. Bh3 Nxf2+ 16. Rxf2 Bg5 17. Nf3 Be4 18. Bg2 Be3 19. Rf1 Bxf3 20. exf3 Qa5 21. Re1 Qd2 22. Re2 Qxd1+ 23. Rxd1 Bg5 24. Rde1 Rxe2 25. Rxe2 Kh7 26. Bh3 Nf8 27. Kg1 g6 28. f4 1/2-1/2

[Event "GER-chT U14"]
[Site "Magdeburg"]
[Date "2018.12.27"]
[Round "2.2"]
[White "Wagner, Victoria"]
[Black "Pomrehn, Ole Magnus"]
[Result "1-0"]
[WhiteElo "1777"]
[BlackElo "1503"]
[PlyCount "63"]
[EventDate "2018.12.27"]
[EventType "team-swiss"]
[EventRounds "7"]
[EventCountry "GER"]
[SourceTitle "CBM 188 Extra"]
[Source "ChessBase"]
[SourceDate "2019.02.28"]
[SourceVersion "1"]
[SourceVersionDate "2019.02.28"]
[SourceQuality "1"]
[WhiteTeam "Erfurt SK"]
[BlackTeam "Schoeneck"]
[WhiteTeamCountry "GER"]
[BlackTeamCountry "GER"]

1. e4 g6 2. d4 Bg7 3. Nc3 d6 4. Be3 Nd7 5. Qd2 e6 6. Nf3 h6 7. h3 Ne7 8. Be2 a6 9. a4 b6 10. Rd1 Bb7 11. 0-0 Rc8 12. Nh2 Nf6 13. Bf3 c6 14. Qc1 d5 15. e5 Nd7 16. Be2 c5 17. f4 c4 18. Qd2 Rc7 19. Qe1 Nf5 20. Bf2 Bc6 21. g4 Ne7 22. Bh4 Qc8 23. Bxe7 Kxe7 24. f5 gxf5 25. gxf5 Rg8 26. Bg4 exf5 27. Rxf5 Kd8 28. Rxf7 Qb7 29. Qh4+ Kc8 30. Qe7 Kb8 31. Rxg7 Rxg7 32. Qxg7 1-0

[Event "Heusenstamm Sparkassen op-B 5th"]
[Site "Heusenstamm"]
[Date "2018.11.25"]
[Round "7"]
[White "Pomrehn, Ole Magnus"]
[Black "Burow, Roger"]
[Result "0-1"]
[WhiteElo "1533"]
[BlackElo "1675"]
[PlyCount "102"]
[EventDate "2018.11.22"]
[EventType "swiss"]
[EventRounds "7"]
[EventCountry "GER"]
[SourceTitle "CBM 187 Extra"]
[Source "ChessBase"]
[SourceDate "2018.11.04"]
[SourceVersion "1"]
[SourceVersionDate "2018.11.04"]
[SourceQuality "1"]

1. g3 d5 2. Bg2 c6 3. d3 Nf6 4. Nd2 Nbd7 5. e3 e5 6. Ne2 Be7 7. b3 0-0 8. 0-0 Re8 9. Bb2 Bf8 10. h3 Qc7 11. a3 Nb6 12. Kh2 Be6 13. f4 exf4 14. exf4 Bf5 15. Bxf6 gxf6 16. Nd4 Bd7 17. Qh5 Bg7 18. f5 Re3 19. Rf4 Rae8 20. Rg4 Nc8 21. Qh6 Kf8 22. Qxg7+ Ke7 23. Qh6 Qe5 24. Rf1 Kd8 25. N2f3 Qd6 26. b4 b6 27. Qf4 Qe7 28. Rb1 Nd6 29. Rg7 Rh8 30. Rg4 Kc8 31. Rh4 Ne8 32. Rh6 Nd6 33. Rh5 Kb7 34. Qh6 Ne8 35. Qf4 Nd6 36. Rh6 Nb5 37. Nxb5 cxb5 38. Qd4 Re2 39. Qxf6 Rxg2+ 40. Kxg2 Qe2+ 41. Kg1 Qe3+ 42. Kf1 Qxf3+ 43. Ke1 Re8+ 44. Kd2 Qf2+ 45. Kc1 Rc8 46. c4 bxc4 47. Rb2 cxd3+ 48. Kb1 d2 49. Ka2 Qe1 50. Qd6 d1Q 51. Qxd7+ Rc7 0-1

[Event "Heusenstamm Sparkassen op-B 5th"]
[Site "Heusenstamm"]
[Date "2018.11.24"]
[Round "5"]
[White "Pomrehn, Ole Magnus"]
[Black "Von Beckh, Frieda"]
[Result "1-0"]
[WhiteElo "1533"]
[BlackElo "1262"]
[PlyCount "119"]
[EventDate "2018.11.22"]
[EventType "swiss"]
[EventRounds "7"]
[EventCountry "GER"]
[SourceTitle "CBM 187 Extra"]
[Source "ChessBase"]
[SourceDate "2018.11.04"]
[SourceVersion "1"]
[SourceVersionDate "2018.11.04"]
[SourceQuality "1"]

1. b3 e5 2. Bb2 Nc6 3. d3 Bc5 4. e3 d6 5. g3 Nf6 6. Bg2 Bd7 7. h3 Qe7 8. Ne2 d5 9. Nd2 Be6 10. a3 0-0-0 11. Nf3 e4 12. Nfd4 Nxd4 13. Nxd4 exd3 14. Qxd3 Rhe8 15. Nxe6 Qxe6 16. 0-0-0 Qd6 17. b4 Bb6 18. Qf5+ Kb8 19. Bxf6 Qxf6 20. Qxf6 gxf6 21. Rxd5 Rxd5 22. Bxd5 Re7 23. Rd1 c6 24. Bc4 f5 25. Bd3 Re5 26. c4 a6 27. Bc2 c5 28. Rd7 cxb4 29. axb4 h5 30. Rxf7 Bxe3+ 31. fxe3 Rxe3 32. Rxf5 Rxg3 33. Rxh5 Rc3 34. c5 Rc4 35. Rg5 Rxb4 36. Rg4 Rb5 37. Rc4 Kc7 38. h4 Kd7 39. Ba4 Ke6 40. Bxb5 axb5 41. Rb4 Kd5 42. Rxb5 Kc6 43. Rxb7 Kxb7 44. h5 Kc6 45. h6 Kxc5 46. h7 Kd6 47. h8Q Ke7 48. Qg8 Kf6 49. Qh7 Ke6 50. Qg7 Kf5 51. Kd2 Ke6 52. Qg5 Kd6 53. Kd3 Kc6 54. Kc4 Kd7 55. Qg6 Ke7 56. Kd5 Kf8 57. Qh7 Ke8 58. Kd6 Kf8 59. Ke6 Ke8 60. Qg8# 1-0

[Event "Heusenstamm Sparkassen op-B 5th"]
[Site "Heusenstamm"]
[Date "2018.11.23"]
[Round "2"]
[White "Schwenk, Stefan"]
[Black "Pomrehn, Ole Magnus"]
[Result "1/2-1/2"]
[WhiteElo "1755"]
[BlackElo "1533"]
[PlyCount "50"]
[EventDate "2018.11.22"]
[EventType "swiss"]
[EventRounds "7"]
[EventCountry "GER"]
[SourceTitle "CBM 187 Extra"]
[Source "ChessBase"]
[SourceDate "2018.11.04"]
[SourceVersion "1"]
[SourceVersionDate "2018.11.04"]
[SourceQuality "1"]

1. c4 g6 2. g3 Bg7 3. Bg2 d6 4. Nc3 Nd7 5. e3 e6 6. Nge2 Ne7 7. b4 Rb8 8. Rb1 b6 9. d4 Bb7 10. d5 e5 11. 0-0 f5 12. f4 Nc8 13. Bb2 h5 14. h4 Ba6 15. b5 Bb7 16. e4 Ne7 17. Qc2 0-0 18. exf5 gxf5 19. Rbe1 e4 20. Nd1 Nc5 21. Nd4 Kh7 22. Re3 Rg8 23. Bh3 Bc8 24. Kh2 Qe8 25. Qe2 Qf7 1/2-1/2

[Event "Heusenstamm Sparkassen op-B 3rd"]
[Site "Heusenstamm"]
[Date "2016.11.27"]
[Round "1"]
[White "Pomrehn, Ole Magnus"]
[Black "Burow, Roger"]
[Result "1/2-1/2"]
[WhiteElo "1137"]
[BlackElo "1610"]
[PlyCount "61"]
[EventDate "2016.11.27"]
[EventType "swiss"]
[EventRounds "7"]
[EventCountry "GER"]
[SourceTitle "EXT 2018"]
[Source "ChessBase"]
[SourceDate "2017.10.13"]
[SourceVersion "1"]
[SourceVersionDate "2017.10.13"]
[SourceQuality "1"]

1. d4 Nf6 2. Nf3 c5 3. e3 cxd4 4. exd4 e6 5. Bd3 Nc6 6. c3 b6 7. h3 Bb7 8. Bf4 h6 9. Nbd2 Be7 10. 0-0 0-0 11. Re1 d6 12. Nc4 Rc8 13. Rc1 Nd5 14. Bh2 b5 15. Ne3 Nxe3 16. Rxe3 a6 17. Re1 Bf6 18. Be4 d5 19. Bd3 b4 20. Qd2 a5 21. Bf4 bxc3 22. bxc3 g5 23. Be5 Nxe5 24. Nxe5 Kg7 25. Ng4 Rh8 26. Nxf6 Qxf6 27. Qe3 Kg8 28. Qe5 Qe7 29. Rc2 Bc6 30. Rce2 Bd7 31. Qxd5 1/2-1/2